[Event "Stay Safe Play From Home 314"]
[Site "Emanuel Lasker Arena"]
[Date "2020.07.19"]
[Round "3"]
[White "Buzaglo"]
[Black "Justwatch"]
[Result "0-1"]
[WhiteElo "1867"]
[BlackElo "1681"]
[Annotator "NA"]
[PlyCount "160"]
[EventDate "2020.07.19"]
[EventType "swiss (blitz)"]

1. d4 {[%emt 0:00:00]} Nf6 {[%emt 0:00:03]} 2. Nf3 {[%emt 0:00:00]} g6 {[%emt 0:00:01]} 3. g3 {[%emt 0:00:00]} Bg7 {[%emt 0:00:00]} 4. Bg2 {[%emt 0:00:00]} O-O {[%emt 0:00:00]} 5. O-O {[%emt 0:00:00]} d6 {[%emt 0:00:00]} 6. c4 {[%emt 0:00:00]} Nc6 {[%emt 0:00:00]} 7. d5 {[%emt 0:00:00]} Ne5 {[%emt 0:00:01]} 8. Nc3 {[%emt 0:00:01]} Nxf3+ {[%emt 0:00:01]} 9. Bxf3 {[%emt 0:00:00]} Bh3 {[%emt 0:00:02]} 10. Bg2 {[%emt 0:00:01]} Bxg2 {[%emt 0:00:00]} 11. Kxg2 {[%emt 0:00:00]} a6 {[%emt 0:00:01]} 12. Bf4 {[%emt 0:00:02]} Nd7 {[%emt 0:00:00]} 13. Rc1 {[%emt 0:00:02]} Nc5 {[%emt 0:00:01]} 14. Be3 {[%emt 0:00:02]} Bxc3 {[%emt 0:00:02]} 15. Rxc3 {[%emt 0:00:01]} Nd7 {[%emt 0:00:02]} 16. Rb3 {[%emt 0:00:01]} b6 {[%emt 0:00:01]} 17. f3 {[%emt 0:00:03]} Ne5 {[%emt 0:00:01]} 18. Rc3 {[%emt 0:00:02]} Nd7 {[%emt 0:00:01]} 19. Bh6 {[%emt 0:00:01]} Re8 {[%emt 0:00:02]} 20. Qd4 {[%emt 0:00:00]} f6 {[%emt 0:00:02]} 21. g4 {[%emt 0:00:01]} e5 {[%emt 0:00:01]} 22. dxe6 {[%emt 0:00:01]} Rxe6 {[%emt 0:00:00]} 23. Re3 {[%emt 0:00:02]} Rxe3 {[%emt 0:00:02]} 24. Qxe3 {[%emt 0:00:00]} Qe8 {[%emt 0:00:02]} 25. Qd3 {[%emt 0:00:04]} Ne5 {[%emt 0:00:01]} 26. Qc2 {[%emt 0:00:02]} Qc6 {[%emt 0:00:02]} 27. Rd1 {[%emt 0:00:02]} Nxg4 {[%emt 0:00:02]} 28. Kg3 {[%emt 0:00:03]} Nxh6 {[%emt 0:00:02]} 29. Rd5 {[%emt 0:00:02]} Nf5+ {[%emt 0:00:01]} 30. Rxf5 {[%emt 0:00:01]} gxf5 {[%emt 0:00:00]} 31. Qxf5 {[%emt 0:00:00]} Qc5 {[%emt 0:00:00]} 32. Qg4+ {[%emt 0:00:01]} Qg5 {[%emt 0:00:02]} 33. Qxg5+ {[%emt 0:00:01]} fxg5 {[%emt 0:00:00]} 34. Kg4 {[%emt 0:00:00]} h6 {[%emt 0:00:01]} 35. Kh5 {[%emt 0:00:01]} Kg7 {[%emt 0:00:00]} 36. f4 {[%emt 0:00:01]} gxf4 {[%emt 0:00:01]} 37. h4 {[%emt 0:00:00]} Re8 {[%emt 0:00:01]} 38. Kg4 {[%emt 0:00:00]} Re4 {[%emt 0:00:01]} 39. Kf3 {[%emt 0:00:01]} Rxc4 {[%emt 0:00:00]} 40. b3 {[%emt 0:00:00]} Rd4 {[%emt 0:00:01]} 41. e3 {[%emt 0:00:02]} fxe3 {[%emt 0:00:00]} 42. Kxe3 {[%emt 0:00:00]} Rxh4 {[%emt 0:00:00]} 43. Kd3 {[%emt 0:00:01]} Rh2 {[%emt 0:00:00]} 44. Kc3 {[%emt 0:00:00]} Rxa2 {[%emt 0:00:01]} 45. b4 {[%emt 0:00:00]} Ra4 {[%emt 0:00:01]} 46. Kc4 {[%emt 0:00:00]} Rxb4+ {[%emt 0:00:00]} 47. Kxb4 {[%emt 0:00:00]} h5 {[%emt 0:00:00]} 48. Kc4 {[%emt 0:00:00]} h4 {[%emt 0:00:00]} 49. Kd4 {[%emt 0:00:00]} h3 {[%emt 0:00:00]} 50. Ke3 {[%emt 0:00:00]} h2 {[%emt 0:00:00]} 51. Kf2 {[%emt 0:00:00]} h1=Q {[%emt 0:00:00]} 52. Kg3 {[%emt 0:00:00]} Qb7 {[%emt 0:00:01]} 53. Kf4 {[%emt 0:00:00]} c6 {[%emt 0:00:00]} 54. Ke3 {[%emt 0:00:00]} a5 {[%emt 0:00:00]} 55. Kd3 {[%emt 0:00:00]} b5 {[%emt 0:00:00]} 56. Kc3 {[%emt 0:00:00]} c5 {[%emt 0:00:00]} 57. Kb3 {[%emt 0:00:00]} d5 {[%emt 0:00:00]} 58. Ka3 {[%emt 0:00:00]} a4 {[%emt 0:00:00]} 59. Kb2 {[%emt 0:00:01]} b4 {[%emt 0:00:00]} 60. Kc2 {[%emt 0:00:01]} c4 {[%emt 0:00:00]} 61. Kd2 {[%emt 0:00:01]} d4 {[%emt 0:00:00]} 62. Ke2 {[%emt 0:00:01]} Qe4+ {[%emt 0:00:00]} 63. Kf2 {[%emt 0:00:01]} Qb1 {[%emt 0:00:00]} 64. Kg3 {[%emt 0:00:00]} Qb3+ {[%emt 0:00:00]} 65. Kf4 {[%emt 0:00:00]} Qc2 {[%emt 0:00:00]} 66. Ke5 {[%emt 0:00:00]} Qd3 {[%emt 0:00:00]} 67. Kd5 {[%emt 0:00:00]} c3 {[%emt 0:00:00]} 68. Kc5 {[%emt 0:00:00]} b3 {[%emt 0:00:00]} 69. Kb6 {[%emt 0:00:01]} a3 {[%emt 0:00:00]} 70. Ka5 {[%emt 0:00:00]} a2 {[%emt 0:00:00]} 71. Kb6 {[%emt 0:00:00]} b2 {[%emt 0:00:00]} 72. Kc5 {[%emt 0:00:00]} c2 {[%emt 0:00:00]} 73. Kd6 {[%emt 0:00:00]} Qe2 {[%emt 0:00:00]} 74. Kc5 {[%emt 0:00:01]} d3 {[%emt 0:00:00]} 75. Kd5 {[%emt 0:00:00]} d2 {[%emt 0:00:00]} 76. Kc5 {[%emt 0:00:01]} d1=Q {[%emt 0:00:01]} 77. Kb4 {[%emt 0:00:00]} b1=Q+ {[%emt 0:00:00]} 78. Kc5 {[%emt 0:00:00]} a1=Q {[%emt 0:00:01]} 79. Kc6 {[%emt 0:00:02]} Qee1 {[%emt 0:00:03]} 80. Kc5 {[%emt 0:00:02]} c1=Q# {[%emt 0:00:01] (Lag: Av=0.66s, max=1.6s)} 0-1

[Event "Stay Safe Play From Home 314"]
[Site "Emanuel Lasker Arena"]
[Date "2020.07.19"]
[Round "3"]
[White "Trotsky"]
[Black "Rogan"]
[Result "0-1"]
[WhiteElo "1608"]
[BlackElo "2225"]
[PlyCount "58"]
[EventDate "2020.07.19"]
[EventType "swiss (blitz)"]

1. d4 {[%emt 0:00:01]} d5 {[%emt 0:00:02]} 2. e3 {[%emt 0:00:00]} c6 {[%emt 0:00:00]} 3. c4 {[%emt 0:00:01]} Nf6 {[%emt 0:00:00]} 4. Nc3 {[%emt 0:00:01]} Bg4 {[%emt 0:00:00]} 5. f3 {[%emt 0:00:02]} Bh5 {[%emt 0:00:01]} 6. g4 {[%emt 0:00:01]} Bg6 {[%emt 0:00:01]} 7. c5 {[%emt 0:00:01]} e5 {[%emt 0:00:01]} 8. Bd3 {[%emt 0:00:01]} e4 {[%emt 0:00:02]} 9. fxe4 {[%emt 0:00:01]} Nxe4 {[%emt 0:00:02]} 10. Qc2 {[%emt 0:00:02]} Qh4+ {[%emt 0:00:01]} 11. Kf1 {[%emt 0:00:08]} Ng3+ {[%emt 0:00:12]} 12. Kg2 {[%emt 0:00:03]} Nxh1 {[%emt 0:00:02]} 13. Nf3 {[%emt 0:00:04]} Qxg4+ {[%emt 0:00:03]} 14. Kxh1 {[%emt 0:00:03]} Qxf3+ {[%emt 0:00:00]} 15. Kg1 {[%emt 0:00:02]} Nd7 {[%emt 0:00:04]} 16. Bxg6 {[%emt 0:00:01]} hxg6 {[%emt 0:00:01]} 17. Qg2 {[%emt 0:00:05]} Qxg2+ {[%emt 0:00:01]} 18. Kxg2 {[%emt 0:00:01]} Be7 {[%emt 0:00:00]} 19. h3 {[%emt 0:00:02]} Nf6 {[%emt 0:00:01]} 20. Bd2 {[%emt 0:00:01]} Ne4 {[%emt 0:00:01]} 21. Rf1 {[%emt 0:00:02]} Nxd2 {[%emt 0:00:01]} 22. Rf2 {[%emt 0:00:01]} Ne4 {[%emt 0:00:00]} 23. Nxe4 {[%emt 0:00:02]} dxe4 {[%emt 0:00:00]} 24. Rf4 {[%emt 0:00:01]} f5 {[%emt 0:00:00]} 25. Kg3 {[%emt 0:00:01]} O-O-O {[%emt 0:00:00]} 26. h4 {[%emt 0:00:02]} Bxh4+ {[%emt 0:00:02]} 27. Rxh4 {[%emt 0:00:01]} Rxh4 {[%emt 0:00:00]} 28. Kxh4 {[%emt 0:00:01]} f4 {[%emt 0:00:00]} 29. b4 {[%emt 0:00:01]} fxe3 {[%emt 0:00:01] Trotsky Ñäàåòñÿ (Lag: Av=0.31s, max=0.7s)} 0-1

[Event "Stay Safe Play From Home 314"]
[Site "Emanuel Lasker Arena"]
[Date "2020.07.19"]
[Round "4"]
[White "Schachwerk_64"]
[Black "Buzaglo"]
[Result "0-1"]
[WhiteElo "1949"]
[BlackElo "1842"]
[Annotator "NA"]
[PlyCount "56"]
[EventDate "2020.07.19"]
[EventType "swiss (blitz)"]

1. e4 {[%emt 0:00:02]} e6 {[%emt 0:00:00]} 2. d4 {[%emt 0:00:01]} d5 {[%emt 0:00:00]} 3. Nc3 {[%emt 0:00:00]} c5 {[%emt 0:00:01]} 4. exd5 {[%emt 0:00:02]} cxd4 {[%emt 0:00:00]} 5. Qxd4 {[%emt 0:00:02]} Nf6 {[%emt 0:00:02]} 6. Bb5+ {[%emt 0:00:03]} Bd7 {[%emt 0:00:01]} 7. dxe6 {[%emt 0:00:03]} fxe6 {[%emt 0:00:02]} 8. Bxd7+ {[%emt 0:00:02]} Nbxd7 {[%emt 0:00:00]} 9. Nf3 {[%emt 0:00:03]} Bc5 {[%emt 0:00:01]} 10. Qc4 {[%emt 0:00:03]} Qe7 {[%emt 0:00:02]} 11. O-O {[%emt 0:00:02]} Rc8 {[%emt 0:00:01]} 12. Qa4 {[%emt 0:00:03]} O-O {[%emt 0:00:01]} 13. Bg5 {[%emt 0:00:03]} Qf7 {[%emt 0:00:03]} 14. Rfe1 {[%emt 0:00:02]} h6 {[%emt 0:00:02]} 15. Bh4 {[%emt 0:00:01]} b5 {[%emt 0:00:02]} 16. Qxa7 {[%emt 0:00:02]} Bxa7 {[%emt 0:00:02]} 17. Nxb5 {[%emt 0:00:01]} Bc5 {[%emt 0:00:05]} 18. b4 {[%emt 0:00:02]} Bxb4 {[%emt 0:00:04]} 19. Re2 {[%emt 0:00:01]} e5 {[%emt 0:00:02]} 20. Rb1 {[%emt 0:00:03]} Qc4 {[%emt 0:00:02]} 21. Re3 {[%emt 0:00:09]} Qxb5 {[%emt 0:00:01]} 22. a3 {[%emt 0:00:00]} Nd5 {[%emt 0:00:03]} 23. Rxe5 {[%emt 0:00:02]} N7f6 {[%emt 0:00:02]} 24. axb4 {[%emt 0:00:02]} Qc4 {[%emt 0:00:01]} 25. Nd2 {[%emt 0:00:02]} Qxc2 {[%emt 0:00:02]} 26. Ree1 {[%emt 0:00:01]} Nc3 {[%emt 0:00:02]} 27. Rbc1 {[%emt 0:00:01]} Qd3 {[%emt 0:00:05]} 28. Nf3 {[%emt 0:00:02]} Ne2+ {[%emt 0:00:01] Zeit (Lag: Av=0.49s, max=0.7s)} 0-1

[Event "Stay Safe Play From Home 314"]
[Site "Emanuel Lasker Arena"]
[Date "2020.07.19"]
[Round "4"]
[White "ionelluca"]
[Black "TheCHESSHOUSE"]
[Result "0-1"]
[WhiteElo "1923"]
[BlackElo "2044"]
[Annotator "NA"]
[PlyCount "72"]
[EventDate "2020.07.19"]
[EventType "swiss (blitz)"]

1. c4 {[%emt 0:00:01]} Nf6 {[%emt 0:00:01]} 2. Nc3 {[%emt 0:00:01]} g6 {[%emt 0:00:01]} 3. g3 {[%emt 0:00:01]} Bg7 {[%emt 0:00:00]} 4. Bg2 {[%emt 0:00:00]} d6 {[%emt 0:00:00]} 5. d3 {[%emt 0:00:01]} O-O {[%emt 0:00:00]} 6. Bd2 {[%emt 0:00:01]} Nc6 {[%emt 0:00:00]} 7. a3 {[%emt 0:00:00]} e5 {[%emt 0:00:00]} 8. Rb1 {[%emt 0:00:01]} Bf5 {[%emt 0:00:01]} 9. b4 {[%emt 0:00:01]} Nd4 {[%emt 0:00:01]} 10. Qc1 {[%emt 0:00:03]} c6 {[%emt 0:00:01]} 11. Bg5 {[%emt 0:00:02]} Qc7 {[%emt 0:00:02]} 12. e3 {[%emt 0:00:01]} Ne6 {[%emt 0:00:01]} 13. e4 {[%emt 0:00:01]} Bg4 {[%emt 0:00:02]} 14. Bd2 {[%emt 0:00:02]} Nd4 {[%emt 0:00:01]} 15. f3 {[%emt 0:00:02]} Be6 {[%emt 0:00:01]} 16. Nge2 {[%emt 0:00:01]} d5 {[%emt 0:00:01]} 17. Nxd4 {[%emt 0:00:01]} exd4 {[%emt 0:00:01]} 18. Ne2 {[%emt 0:00:02]} dxc4 {[%emt 0:00:02]} 19. dxc4 {[%emt 0:00:01]} Rfd8 {[%emt 0:00:04]} 20. O-O {[%emt 0:00:02]} d3 {[%emt 0:00:01]} 21. Nc3 {[%emt 0:00:01]} a6 {[%emt 0:00:02]} 22. Kh1 {[%emt 0:00:01]} c5 {[%emt 0:00:03]} 23. b5 {[%emt 0:00:01]} b6 {[%emt 0:00:01]} 24. Bf4 {[%emt 0:00:02]} Qd7 {[%emt 0:00:02]} 25. Rd1 {[%emt 0:00:01]} Bxc4 {[%emt 0:00:01]} 26. bxa6 {[%emt 0:00:02]} Rxa6 {[%emt 0:00:00]} 27. e5 {[%emt 0:00:04]} Nh5 {[%emt 0:00:01]} 28. Bg5 {[%emt 0:00:02]} Re8 {[%emt 0:00:02]} 29. g4 {[%emt 0:00:06]} f6 {[%emt 0:00:07]} 30. gxh5 {[%emt 0:00:09]} fxg5 {[%emt 0:00:01]} 31. Ne4 {[%emt 0:00:01]} g4 {[%emt 0:00:01]} 32. Qxc4+ {[%emt 0:00:01]} Kh8 {[%emt 0:00:01]} 33. Qxa6 {[%emt 0:00:01]} gxf3 {[%emt 0:00:01]} 34. Bxf3 {[%emt 0:00:01]} Bxe5 {[%emt 0:00:00]} 35. Qxb6 {[%emt 0:00:01]} Qh3 {[%emt 0:00:01]} 36. Rb2 {[%emt 0:00:03]} Rf8 {[%emt 0:00:03] Time (Lag: Av=0.86s, max=1.6s)} 0-1

[Event "Stay Safe Play From Home 314"]
[Site "Emanuel Lasker Arena"]
[Date "2020.07.19"]
[Round "4"]
[White "Justwatch"]
[Black "NTBT_DHS"]
[Result "0-1"]
[WhiteElo "1706"]
[BlackElo "2509"]
[Annotator "RC"]
[PlyCount "48"]
[EventDate "2020.07.19"]
[EventType "swiss (blitz)"]

1. e4 {[%emt 0:00:01]} g6 {[%emt 0:00:01]} 2. Nf3 {[%emt 0:00:01]} Bg7 {[%emt 0:00:00]} 3. Nc3 {[%emt 0:00:00]} d6 {[%emt 0:00:00]} 4. Bc4 {[%emt 0:00:01]} Nc6 {[%emt 0:00:02]} 5. d3 {[%emt 0:00:00]} Nf6 {[%emt 0:00:01]} 6. Bd2 {[%emt 0:00:01]} O-O {[%emt 0:00:00]} 7. Qc1 {[%emt 0:00:01]} Bg4 {[%emt 0:00:00]} 8. Bh6 {[%emt 0:00:02]} Bxf3 {[%emt 0:00:01]} 9. gxf3 {[%emt 0:00:01]} Ne5 {[%emt 0:00:00]} 10. f4 {[%emt 0:00:02]} Bxh6 {[%emt 0:00:01]} 11. Nd5 {[%emt 0:00:03]} Nxc4 {[%emt 0:00:02]} 12. dxc4 {[%emt 0:00:01]} Nxe4 {[%emt 0:00:01]} 13. Qe3 {[%emt 0:00:04]} e6 {[%emt 0:00:00]} 14. Qxe4 {[%emt 0:00:01]} exd5 {[%emt 0:00:01]} 15. Qxd5 {[%emt 0:00:00]} Re8+ {[%emt 0:00:01]} 16. Kf1 {[%emt 0:00:01]} Qh4 {[%emt 0:00:01]} 17. f5 {[%emt 0:00:02]} Qh3+ {[%emt 0:00:01]} 18. Kg1 {[%emt 0:00:01]} Re5 {[%emt 0:00:03]} 19. Qg2 {[%emt 0:00:02]} Qxf5 {[%emt 0:00:01]} 20. h3 {[%emt 0:00:02]} Rae8 {[%emt 0:00:01]} 21. Kh2 {[%emt 0:00:01]} Bf4+ {[%emt 0:00:01]} 22. Kg1 {[%emt 0:00:01]} Re1+ {[%emt 0:00:01]} 23. Rxe1 {[%emt 0:00:01]} Rxe1+ {[%emt 0:00:00]} 24. Qf1 {[%emt 0:00:00]} Qg5# {[%emt 0:00:00] (Lag: Av=0.78s, max=1.3s)} 0-1

[Event "Stay Safe Play From Home 314"]
[Site "Emanuel Lasker Arena"]
[Date "2020.07.19"]
[Round "5"]
[White "NTBT_DHS"]
[Black "Trotsky"]
[Result "1-0"]
[WhiteElo "2509"]
[BlackElo "1607"]
[Annotator "TA"]
[PlyCount "59"]
[EventDate "2020.07.19"]
[EventType "swiss (blitz)"]

{[%evp 9,59,68,106,83,97,92,118,110,123,113,113,111,115,115,172,142,245,205,210,203,694,687,695,603,778,755,1129,1128,1108,1114,1267,1200,1384,1202,1399,1391,1373,1372,3248,3191,29985,29986,29987,29988,29987,29985,29993,29994,29995,29995,29995,29996]} 1. d4 d5 2. Nc3 e6 3. Bf4 c5 4. e3 Nc6 5. Nb5 Qa5+ {[#]} 6. c3 $1 {And now Nc7+ would win. D00: 1 d4 d5: Unusual lines.} e5 7. dxe5 {Hoping for e6.} Be6 8. Nf3 {White is better.} a6 9. Nd6+ Bxd6 10. exd6 Nf6 {[#]} 11. Bd3 $146 ({Predecessor:} 11. Be2 O-O 12. O-O Rad8 13. Ne5 Nxe5 14. Bxe5 Ne4 15. Bg4 Bxg4 16. Qxg4 g6 17. Rfd1 {1-0 (33) McAleenan,C (1798)-Probert,M (1628) London 2016}) 11... O-O-O (11... O-O $16 12. O-O Rad8) 12. O-O h6 (12... Nh5 $16) 13. h3 g5 14. Bh2 Rxd6 $2 {[#]} (14... c4) 15. Bxd6 $18 g4 16. Ne5 Nxe5 17. Bxe5 gxh3 18. Bxf6 Rg8 19. g3 d4 20. Qf3 Qc7 21. Bf5 Kb8 22. Bxe6 fxe6 23. exd4 h5 24. Be5 Qxe5 25. dxe5 {White mates.} h4 26. Qf7 Rc8 27. Qxe6 Ka7 28. Qxc8 hxg3 29. fxg3 h2+ 30. Kxh2 {White took control after the opening.} 1-0

[Event "Stay Safe Play From Home 314"]
[Site "Emanuel Lasker Arena"]
[Date "2020.07.19"]
[Round "5"]
[White "Rogan"]
[Black "Buzaglo"]
[Result "1-0"]
[WhiteElo "2226"]
[BlackElo "1864"]
[PlyCount "53"]
[EventDate "2020.07.19"]
[EventType "swiss (blitz)"]

1. d4 {[%emt 0:00:08]} e6 {[%emt 0:00:00]} 2. c3 {[%emt 0:00:00]} d5 {[%emt 0:00:00]} 3. Nf3 {[%emt 0:00:01]} Nf6 {[%emt 0:00:00]} 4. Bg5 {[%emt 0:00:01]} c5 {[%emt 0:00:00]} 5. e3 {[%emt 0:00:01]} Be7 {[%emt 0:00:01]} 6. Bd3 {[%emt 0:00:02]} Ne4 {[%emt 0:00:01]} 7. Bxe7 {[%emt 0:00:01]} Qxe7 {[%emt 0:00:01]} 8. Nbd2 {[%emt 0:00:00]} cxd4 {[%emt 0:00:02]} 9. exd4 {[%emt 0:00:02]} Nxd2 {[%emt 0:00:01]} 10. Qxd2 {[%emt 0:00:01]} Nc6 {[%emt 0:00:00]} 11. O-O {[%emt 0:00:00]} O-O {[%emt 0:00:01]} 12. Rfe1 {[%emt 0:00:00]} Qd6 {[%emt 0:00:00]} 13. Ne5 {[%emt 0:00:00]} Nxe5 {[%emt 0:00:01]} 14. Rxe5 {[%emt 0:00:00]} f6 {[%emt 0:00:02]} 15. Re3 {[%emt 0:00:01]} e5 {[%emt 0:00:03]} 16. dxe5 {[%emt 0:00:01]} fxe5 {[%emt 0:00:00]} 17. Rae1 {[%emt 0:00:01]} d4 {[%emt 0:00:07]} 18. cxd4 {[%emt 0:00:03]} exd4 {[%emt 0:00:01]} 19. Re4 {[%emt 0:00:04]} Bf5 {[%emt 0:00:04]} 20. Bc4+ {[%emt 0:00:04]} Kh8 {[%emt 0:00:04]} 21. Rxd4 {[%emt 0:00:01]} Qb6 {[%emt 0:00:05]} 22. b3 {[%emt 0:00:03]} Bg6 {[%emt 0:00:04]} 23. Rd1 {[%emt 0:00:01]} h6 {[%emt 0:00:05]} 24. Rd6 {[%emt 0:00:03]} Qc5 {[%emt 0:00:09]} 25. Rxg6 {[%emt 0:00:02]} Rad8 {[%emt 0:00:01]} 26. Rxh6+ {[%emt 0:00:03]} gxh6 {[%emt 0:00:05]} 27. Qxh6# {[%emt 0:00:00] (Lag: Av=0.37s, max=0.4s)} 1-0

[Event "Stay Safe Play From Home 314"]
[Site "Emanuel Lasker Arena"]
[Date "2020.07.19"]
[Round "5"]
[White "TheCHESSHOUSE"]
[Black "AChessPlayer"]
[Result "0-1"]
[WhiteElo "2056"]
[BlackElo "2394"]
[PlyCount "104"]
[EventDate "2020.07.19"]
[EventType "swiss (blitz)"]

1. d4 {[%emt 0:00:03]} Nf6 {[%emt 0:00:02]} 2. c4 {[%emt 0:00:00]} g6 {[%emt 0:00:00]} 3. Nc3 {[%emt 0:00:00]} Bg7 {[%emt 0:00:00]} 4. e4 {[%emt 0:00:00]} d6 {[%emt 0:00:00]} 5. Nf3 {[%emt 0:00:00]} O-O {[%emt 0:00:00]} 6. Be2 {[%emt 0:00:00]} e5 {[%emt 0:00:00]} 7. O-O {[%emt 0:00:00]} Nc6 {[%emt 0:00:00]} 8. d5 {[%emt 0:00:01]} Ne7 {[%emt 0:00:00]} 9. Ne1 {[%emt 0:00:00]} Nd7 {[%emt 0:00:01]} 10. Be3 {[%emt 0:00:00]} f5 {[%emt 0:00:00]} 11. f3 {[%emt 0:00:00]} f4 {[%emt 0:00:00]} 12. Bf2 {[%emt 0:00:00]} g5 {[%emt 0:00:00]} 13. g4 {[%emt 0:00:00]} fxg3 {[%emt 0:00:02]} 14. hxg3 {[%emt 0:00:00]} h5 {[%emt 0:00:00]} 15. Kg2 {[%emt 0:00:01]} Qe8 {[%emt 0:00:02]} 16. Nd3 {[%emt 0:00:01]} a6 {[%emt 0:00:01]} 17. Rh1 {[%emt 0:00:00]} Nf6 {[%emt 0:00:01]} 18. b4 {[%emt 0:00:02]} Ng6 {[%emt 0:00:01]} 19. c5 {[%emt 0:00:01]} h4 {[%emt 0:00:00]} 20. g4 {[%emt 0:00:01]} Nf4+ {[%emt 0:00:01]} 21. Nxf4 {[%emt 0:00:01]} exf4 {[%emt 0:00:00]} 22. Bd3 {[%emt 0:00:04]} Nd7 {[%emt 0:00:01]} 23. cxd6 {[%emt 0:00:02]} Bxc3 {[%emt 0:00:02]} 24. Rc1 {[%emt 0:00:01]} Bxb4 {[%emt 0:00:02]} 25. dxc7 {[%emt 0:00:02]} Bd6 {[%emt 0:00:00]} 26. Qb3 {[%emt 0:00:04]} Ne5 {[%emt 0:00:01]} 27. Be2 {[%emt 0:00:00]} Qe7 {[%emt 0:00:02]} 28. Qc3 {[%emt 0:00:02]} Rf7 {[%emt 0:00:01]} 29. Rh3 {[%emt 0:00:05]} Bd7 {[%emt 0:00:06]} 30. Qb2 {[%emt 0:00:04]} Rc8 {[%emt 0:00:01]} 31. Qxb7 {[%emt 0:00:01]} Kg7 {[%emt 0:00:11]} 32. Qxa6 {[%emt 0:00:02]} Rxc7 {[%emt 0:00:02]} 33. Rxc7 {[%emt 0:00:02]} Bxc7 {[%emt 0:00:00]} 34. Bd4 {[%emt 0:00:00]} Bd6 {[%emt 0:00:00]} 35. Qd3 {[%emt 0:00:04]} Kg6 {[%emt 0:00:01]} 36. Qc2 {[%emt 0:00:02]} Kh6 {[%emt 0:00:00]} 37. Qd1 {[%emt 0:00:01]} Qd8 {[%emt 0:00:02]} 38. Bf2 {[%emt 0:00:01]} Qc7 {[%emt 0:00:01]} 39. Bxh4 {[%emt 0:00:01]} gxh4 {[%emt 0:00:00]} 40. Rxh4+ {[%emt 0:00:00]} Kg6 {[%emt 0:00:00]} 41. Qh1 {[%emt 0:00:00]} Rg7 {[%emt 0:00:01]} 42. Rh6+ {[%emt 0:00:01]} Kf7 {[%emt 0:00:00]} 43. Qh5+ {[%emt 0:00:00]} Ke7 {[%emt 0:00:00]} 44. Rh7 {[%emt 0:00:02]} Rxh7 {[%emt 0:00:01]} 45. Qxh7+ {[%emt 0:00:00]} Nf7 {[%emt 0:00:00]} 46. Qh4+ {[%emt 0:00:01]} Kf8 {[%emt 0:00:01]} 47. g5 {[%emt 0:00:00]} Be7 {[%emt 0:00:00]} 48. g6 {[%emt 0:00:00]} Bxh4 {[%emt 0:00:01]} 49. g7+ {[%emt 0:00:00]} Kxg7 {[%emt 0:00:01]} 50. Bf1 {[%emt 0:00:00]} Qe5 {[%emt 0:00:00]} 51. Be2 {[%emt 0:00:00]} Qg5+ {[%emt 0:00:00]} 52. Kf1 {[%emt 0:00:00]} Qg3 {[%emt 0:00:00] TheCHESSHOUSE resigns (Lag: Av=1.10s, max=2.0s)} 0-1

[Event "Stay Safe Play From Home 314"]
[Site "Emanuel Lasker Arena"]
[Date "2020.07.19"]
[Round "5"]
[White "ionelluca"]
[Black "Schachwerk_64"]
[Result "1-0"]
[WhiteElo "1912"]
[BlackElo "1927"]
[Annotator "NA"]
[PlyCount "89"]
[EventDate "2020.07.19"]
[EventType "swiss (blitz)"]

1. e4 {[%emt 0:00:01]} Nc6 {[%emt 0:00:00]} 2. d3 {[%emt 0:00:01]} e5 {[%emt 0:00:01]} 3. Nf3 {[%emt 0:00:01]} d5 {[%emt 0:00:01]} 4. exd5 {[%emt 0:00:01]} Qxd5 {[%emt 0:00:00]} 5. Nc3 {[%emt 0:00:01]} Bb4 {[%emt 0:00:01]} 6. Bd2 {[%emt 0:00:01]} Bxc3 {[%emt 0:00:01]} 7. Bxc3 {[%emt 0:00:01]} e4 {[%emt 0:00:01]} 8. dxe4 {[%emt 0:00:01]} Qxe4+ {[%emt 0:00:01]} 9. Be2 {[%emt 0:00:01]} Nf6 {[%emt 0:00:02]} 10. O-O {[%emt 0:00:01]} Bf5 {[%emt 0:00:01]} 11. Re1 {[%emt 0:00:01]} Qxc2 {[%emt 0:00:01]} 12. Qxc2 {[%emt 0:00:02]} Bxc2 {[%emt 0:00:01]} 13. Bd3+ {[%emt 0:00:01]} Kf8 {[%emt 0:00:02]} 14. Bxc2 {[%emt 0:00:01]} Nd5 {[%emt 0:00:02]} 15. Bb3 {[%emt 0:00:02]} Nxc3 {[%emt 0:00:01]} 16. bxc3 {[%emt 0:00:01]} g6 {[%emt 0:00:01]} 17. Rad1 {[%emt 0:00:01]} Kg7 {[%emt 0:00:05]} 18. Rd7 {[%emt 0:00:00]} Rhf8 {[%emt 0:00:00]} 19. Rxc7 {[%emt 0:00:01]} Rad8 {[%emt 0:00:02]} 20. Rxb7 {[%emt 0:00:01]} Na5 {[%emt 0:00:01]} 21. Rb4 {[%emt 0:00:02]} Rc8 {[%emt 0:00:02]} 22. c4 {[%emt 0:00:02]} Nc6 {[%emt 0:00:01]} 23. Rb7 {[%emt 0:00:02]} a5 {[%emt 0:00:02]} 24. h3 {[%emt 0:00:04]} Nb4 {[%emt 0:00:02]} 25. a3 {[%emt 0:00:01]} Nd3 {[%emt 0:00:01]} 26. Re3 {[%emt 0:00:01]} Nc5 {[%emt 0:00:00]} 27. Ra7 {[%emt 0:00:01]} a4 {[%emt 0:00:04]} 28. Bxa4 {[%emt 0:00:02]} Ne6 {[%emt 0:00:01]} 29. Rxe6 {[%emt 0:00:02]} Kh6 {[%emt 0:00:03]} 30. Ree7 {[%emt 0:00:01]} Rh8 {[%emt 0:00:03]} 31. Rxf7 {[%emt 0:00:01]} Rxc4 {[%emt 0:00:00]} 32. Bb3 {[%emt 0:00:01]} Rc1+ {[%emt 0:00:01]} 33. Kh2 {[%emt 0:00:01]} Rb1 {[%emt 0:00:00]} 34. Bd5 {[%emt 0:00:01]} Rd1 {[%emt 0:00:01]} 35. Be4 {[%emt 0:00:01]} Ra1 {[%emt 0:00:02]} 36. Bxg6 {[%emt 0:00:02]} hxg6 {[%emt 0:00:01]} 37. g4 {[%emt 0:00:01]} Rf1 {[%emt 0:00:05]} 38. Kg3 {[%emt 0:00:01]} Rg1+ {[%emt 0:00:01]} 39. Kh2 {[%emt 0:00:01]} Rf1 {[%emt 0:00:01]} 40. Kg2 {[%emt 0:00:00]} Rg1+ {[%emt 0:00:02]} 41. Kxg1 {[%emt 0:00:01]} g5 {[%emt 0:00:00]} 42. Kg2 {[%emt 0:00:01]} Kg6 {[%emt 0:00:01]} 43. Rg7+ {[%emt 0:00:01]} Kf6 {[%emt 0:00:01]} 44. Rgb7 {[%emt 0:00:01]} Kg6 {[%emt 0:00:01]} 45. Rb6# {[%emt 0:00:01] (Lag: Av=0.50s, max=0.8s)} 1-0